000 00895cam a2200241 4500
001 ABS65266
008 020404n2002 000 0 eng u
035 _a(Sirsi) u117366
100 _aLangstaff, D.
245 4 _aThe lease/licence distinction
260 _c2002
490 _aCSM
_bChartered Surveyor Monthly
_vMarch 2002, 31(1)
520 _aConsiders the issues that arise from the distinction between a lease and a licence. Examines the case "National Car Parks v The Trinity Development Company (Banbury) Ltd" (2001) when the Court of Appeal re-examined the issue of exclusive possession.
590 _aABS
650 _aLEASES
650 _aLICENCES
650 _aEXCLUSIVE POSSESSION
650 _aNATIONAL CAR PARKS V THE TRINITY DEVELOPMENT COMPANY (BANBURY) LTD
650 _aOCCUPIERS
650 _aAGREEMENTS
690 _aPROPERTY-LANDLORD AND TENANT
942 _n0
999 _c69923
_d69923